| 000 | 01134cab a2200289 4500 | ||
|---|---|---|---|
| 001 | ABS46897 | ||
| 008 | 090401t1992 xxu||||| |||| 00| 0 eng d | ||
| 035 | _a(Sirsi) u60039 | ||
| 041 | _aeng | ||
| 245 | _aBlue Boys Developments Ltd v Tunbridge Wells BC | ||
| 260 | _c1992 | ||
| 350 | _a0 | ||
| 490 |
_aEstates Gazette _v(1992) 33 EG 68-72(4) |
||
| 520 | _aLT 25 July 1991. This concerned a claim for compensation following the refusal of planning permission for the continuance of the use of the land but with planning conditions removed. | ||
| 650 | _aCOMPENSATION | ||
| 650 | _aINSOLVENCY ACT 1986 S 130(2) | ||
| 650 | _aPLANNING PERMISSION | ||
| 650 | _aSELF-CATERING UNITS | ||
| 650 | _aTOWN AND COUNTRY PLANNING (USE CLASSES FOR THIRD SCHEDULE PURPOSES | ||
| 650 | _aTOWN AND COUNTRY PLANNING (USE CLASSES) ORDER 1987 | ||
| 650 | _aTOWN AND COUNTRY PLANNING ACT 1971 S169 | ||
| 650 | _aTOWN AND COUNTRY PLANNING ACT 1971 S178(1) | ||
| 650 | _aUSE CLASSES | ||
| 690 | _aENVIRONMENTAL AND LAND CONSULTANCY-PLANNING AND DEVELOPMENT-COMPULSORY PURCHASE AND COMPENSATION | ||
| 942 | _n0 | ||
| 948 | _c04/03/1997 | ||
| 999 |
_c36967 _d36967 |
||